Państwa zaczynające się na ,,Mal" - Statystyki

Ogólne statystyki
  • Ten quiz został rozwiązany 361 razy
  • Średni wynik to 4 z 5
Statystyki odpowiedzi
Państwa zaczynające się na ,,Mal" % Poprawnych
Malezja
91%
Malta
86%
Mali
85%
Malediwy
77%
Malawi
68%
Nie znaleziono quizów pasujących do podanych kryteriów
Rozkład punktacji
Procent ludzi z każdym wynikiem
Percentyl według liczby udzielonych odpowiedzi
Twoja historia wyników
Nie rozwiązałeś tego quizu